Barcelona : España en paz / [patrocinado por la Junta Interministerial creada para conmemorar el XXV aniversario de la paz española] España en paz / [patrocinado por la Junta Interministerial creada para conmemorar el XXV aniversario de la paz española]
Descripción Física:
242 p. : il., [4] f. de làm., 1 map. pleg., 1 disc ; 19 cm
Materias:
Barcelona
MARC
| LEADER | 00000nam a2200000Ia 4500 | ||
|---|---|---|---|
| 001 | 679 | ||
| 008 | 160829s1964 xx 000 0 cat d | ||
| 080 | |a H-2-6 | ||
| 245 | |a Barcelona : |b España en paz / [patrocinado por la Junta Interministerial creada para conmemorar el XXV aniversario de la paz española] | ||
| 260 | |a Madrid : |b Publicaciones españolas, |c 1964 | ||
| 300 | |a 242 p. : |b il., [4] f. de làm., 1 map. pleg., 1 disc ; |c 19 cm | ||
| 650 | |a Barcelona |9 25152 | ||
| 901 | |a Arxiu | ||
| 942 | |n 1 | ||
| 952 | |0 0 |1 0 |4 0 |6 H26 |7 1 |9 47384 |a Arxiu |b Arxiu |d 2016-12-01 |l 0 |o H-2-6 |p 679 |r 2016-12-01 00:00:00 |w 2016-12-01 |y ARXIU | ||
| 999 | |c 51182 |d 51182 | ||